000 00327nam a22001217a 4500
008 190311b xxu||||| |||| 00| 0 eng d
041 _aeng
080 _a043.3
100 _a0
101 _aMEK-MA
245 _aAplikimi i Materialeve te Avancuara per Konstruktimin e Shtepizes se Transformatorit
_cHasani, N
942 _2udc
_cBK
999 _c54703
_d54703